| 000 | 00718mam a2200241 a 4500 | ||
|---|---|---|---|
| 001 | 3331678 | ||
| 003 | NUST - PNEC | ||
| 005 | 20170116181150.0 | ||
| 008 | 920512r19901867ii b 001 0 eng d | ||
| 020 | _a- | ||
| 040 | _cLIBRARY | ||
| 082 | _a954 ELL | ||
| 100 | 1 |
_aElliot, H. M. _q(Henry Miers), _cSir, |
|
| 245 | 1 | 4 |
_aThe history of India, as told by its own historians :Vol.VIII _c Elliot, S. H. M. |
| 260 | _cc. 1976 | ||
| 534 |
_pPNECReprint. Originally published : _cLondon : Trübner, 1867-77. |
||
| 650 |
_913581 _aIndia _xGeneral books |
||
| 651 | 0 |
_aIndia _xHistory _y1000-1526. |
|
| 651 | 0 |
_aIndia _xHistory _y1526-1765. |
|
| 700 | 1 |
_aDowson, John, _d1820-1881. |
|
| 942 |
_2ddc _cBK |
||
| 999 |
_c70912 _d70912 |
||